000 00652nam a2200265Ia 4500
003 OSt
005 20221006154245.0
006 a|||||r|||| 00| 0
007 ta
008 221006b |||||||| |||| 00| 0 chi d
020 _a7010034052
024 _a34,852
037 _cTextual
040 _aEASL
_cEASL
_bchi
041 _2chi
_achi
082 _aV41y7M93:g, 41P3
100 _aHu zhefeng
_9667150
245 0 _aMao'sStrategy = Mao zedong Wulne
260 _c2003
300 _a451p.
_ccm.
490 _v CL
650 _aCL
_9642733
942 _hV41y7M93:g, 41P3
_cTEXL
_2CC
999 _c1102938
_d1102938